Meghalaya: triumph of the tribal genius. (Record no. 412428)

000 -LEADER
fixed length control field 00369cam a22001217a 4500
008 - FIXED-LENGTH DATA ELEMENTS--GENERAL INFORMATION
fixed length control field 180718b1970 xxu||||| |||| 00| 0 eng d
082 ## - DEWEY DECIMAL CLASSIFICATION NUMBER
Classification number A6x54113 Si64
100 ## - MAIN ENTRY--PERSONAL NAME
Personal name Sinha, Kamaleshwar
245 ## - TITLE STATEMENT
Title Meghalaya: triumph of the tribal genius.
Statement of responsibility, etc. by Kamaleshwar Sinha
260 ## - PUBLICATION, DISTRIBUTION, ETC.
Place of publication, distribution, etc. Delhi
Name of publisher, distributor, etc. Publication Divison (I.S.S.D.)
Date of publication, distribution, etc. 1970
300 ## - PHYSICAL DESCRIPTION
Extent 328p
650 ## - SUBJECT ADDED ENTRY--TOPICAL TERM
Topical term or geographic name entry element Meghalaya (India).
Holdings
Withdrawn status Lost status Damaged status Not for loan Permanent Location Current Location Date acquired Full call number Barcode Date last seen Price effective from Koha item type
        Indian Institute of Public Administration Indian Institute of Public Administration 2009-02-05 A6x54113 Si64 45007 2018-07-21 2018-07-21 Book

Powered by Koha